00764 a2200181 4500010001400000020002300014035001300037037001800050082000800068100002100076245021600097260004500313270013200358300003000490650001400520700002200534700002600556 aENG-85704 c270.00a8178122189 aEN-69237 bD.B.Act / Pub14a9101 aLal, Indra Kumar1 aR. Gupta's popular master guide U.G.C. junior research fellowship and lectureship exam NET /SLET Geograpgy, paper II and IIIcby Indra Kumar Lal and Naseeruddin Khan; edited and compiled by Arvind Mohan Dwivedi aNew DelhibRamesh Publishing Housec2008 a12-H, New Darya Ganj Road, Opp. Traffic KotwalibNew DelhicDelhi :e110002k23261647l23275124minfo@rameshpublishinghouse.com axii, 503 p.c23 cm (pbk) aGeography aKhan, Naseeruddin aDwivedi, Arvind Mohan